|
|
|
|
| LEADER |
00000cam a2200000 a 4500 |
| 001 |
vtls010264620 |
| 003 |
SK-MaSNL |
| 005 |
20260331205842.0 |
| 008 |
251120s2011 xo j f000 0 slo |
| 013 |
|
|
|a 287571
|b SK
|c patent
|d 20110304
|e dátum nadobudnutia účinkov patentu (Vestník ÚPV SR č.: 3/2011)
|d 20110216
|e dátum sprístupnenia patentu
|
| 013 |
|
|
|a 5105-2007
|e číslo prihlášky
|d 20070914
|e dátum podania prihlášky
|d 20090406
|e dátum zverejnenia prihlášky (Vestník ÚPV SR č.: 4/2009)
|
| 015 |
|
|
|a SNBN2013
|
| 040 |
|
|
|a SNK
|b slo
|c SNK
|e AACR2
|
| 041 |
0 |
|
|a slo
|
| 044 |
|
|
|a xo
|c SK
|
| 072 |
|
7 |
|a 628
|x Zdravotná technika. Úprava vody. Odpadové hospodárstvo. Svetelná technika
|2 konspekt
|
| 072 |
|
7 |
|a 663
|x Priemysel nápojov. Kvasný priemysel. Priemysel pochutín
|2 konspekt
|
| 080 |
|
|
|a 628.16
|2 2001
|
| 080 |
|
|
|a 663.63/64.058
|2 2001
|
| 084 |
|
|
|a C02 F1/00
|2 IPC
|
| 100 |
1 |
|
|a Šimko, Peter,
|d 1957-
|4 org
|9 218904
|
| 245 |
1 |
0 |
|a Spôsob eliminácie polychlórovaných bifenylov z vody
|c Peter Šimko, Božena Skláršová, Peter Šimon ; patent. zást. Edita Litváková
|
| 260 |
|
|
|a [Banská Bystrica]
|b Úrad priemyselného vlastníctva SR
|c [2011]
|
| 300 |
|
|
|a 4 s.
|c 30 cm
|
| 650 |
0 |
7 |
|a úprava vody
|2 SVKBBPH
|9 30045
|
| 650 |
0 |
7 |
|a Water treatment
|2 SNKPHeng
|9 297633
|
| 655 |
|
7 |
|a patenty
|2 SVKBBPH
|9 177343
|
| 655 |
|
7 |
|a patent licenses
|2 SNKPHeng
|9 303430
|
| 700 |
1 |
|
|a Skláršová, Božena
|4 org
|9 600199
|
| 700 |
1 |
|
|a Šimon, Peter,
|d 1952-
|4 org
|9 208866
|
| 700 |
1 |
|
|a Litváková, Edita
|4 oth
|9 323120
|
| 710 |
2 |
|
|a Výskumný ústav potravinársky (Bratislava, Slovensko)
|4 pth
|9 33956
|
| 852 |
|
|
|a Štátna vedecká knižnica v Banskej Bystrici
|
| 999 |
|
|
|c 921422
|d 923352
|
| 952 |
|
|
|a SNK
|b SNK
|y PREZ
|7 0
|p 17A1090595
|o snkSK 287571
|i snk2013/23805
|8 0
|0 0
|1 0
|4 0
|d 2013-10-04
|l 0
|r 2026-02-24 08:15:58
|w 2026-02-24
|